| 000 | 01447nam a22003737a 4500 | ||
|---|---|---|---|
| 003 | CHAP | ||
| 005 | 20220329141109.0 | ||
| 008 | 971013s1997 r 00010 d | ||
| 010 | _a62523 | ||
| 011 | _a63495 | ||
| 035 | _a67671 | ||
| 040 | _cCHAP | ||
| 090 | _aTesis | ||
| 100 | 0 | 0 |
_aAlvarez Alfaro, José de Jesús. _94862 |
| 245 | _aComportamiento de la pudrición suave de la lechuga inducida por Erwinia caratovora var. atroseptica con la aplicación de la cepa antagónica CAE-01, en Chapingo, México | ||
| 260 |
_aChapingo, Méx. : _bEl autor, _c1997 |
||
| 300 |
_a62 h. _b: ilus. |
||
| 502 | _aTesis (Ing. Agr. Esp. en Parasitología Agrícola) -- UACH. Departamento de Parasitología Agrícola | ||
| 590 |
_aALEPH _b10 _c20130110 _lUCH01 _h1345 |
||
| 590 |
_aBATCH-UPD _b10 _c20130110 _lUCH01 _h0510 |
||
| 590 |
_aBATCH-UPD _b10 _c20130110 _lUCH01 _h2254 |
||
| 590 |
_aBATCH-UPD _b10 _c20130410 _lUCH01 _h0148 |
||
| 590 |
_aBATCH-UPD _b10 _c20130410 _lUCH01 _h1548 |
||
| 590 |
_aBATCH-UPD _b10 _c20130914 _lUCH01 _h0256 |
||
| 590 |
_aBATCH-UPD _b10 _c20130914 _lUCH01 _h2112 |
||
| 590 |
_aCONVERSION _b10 _c20130109 _lUCH01 _h1334 |
||
| 650 | 1 | 4 |
_aErwinia carotovora. _937359 |
| 650 | 1 | 4 |
_aLechuga _xEnfermedades. _965458 |
| 650 | 1 | 4 |
_aOrganismos fitopatógenos _xControl biológico. _983519 |
| 901 | _aBK | ||
| 942 | _cFOLL | ||
| 949 |
_bBC _cTES _d-153045 _eTS1 _h31182 _i67671 _si |
||
| 949 |
_bBC _cTES _d33724000635819 _eTS2 _fc.2 _h31183 _i67671 _si |
||
| 999 |
_c62523 _d62523 |
||